Khung bê tông cốt thép /

Spremljeno u:
Bibliografski detalji
Format: Knjiga
Jezik:Vietnamese
Izdano: Khoa học Kỹ Thuật, 1997.
Teme:
Oznake: Dodaj oznaku
Bez oznaka, Budi prvi tko označuje ovaj zapis!
Thư viện lưu trữ: Mạng thư viện Đại học Đà Nẵng
LEADER 01004nam a2200301 a 4500
001 000003079
003 02606
005 20220608150356.0
008 171229s1997 vie
040 |a LSK 
041 0 |a VIE 
082 0 |a 624.18341  |b TR-Đ 
245 0 0 |a Khung bê tông cốt thép /  |c Trịnh Kim Đạm, Lê Bá Huế. 
260 |b Khoa học Kỹ Thuật,  |c 1997. 
300 |a 178 pages ;  |c 27 cm. 
653 |a Xây dựng - Bê tông cốt thép 
852 |a Phòng Đọc - Phòng Mượn 
901 |a 11 
927 |a Sách tham khảo 
OWN |a LSK 
AVA |a UDN50  |b LSK  |d 624.18341 TR-Đ  |e check_holdings  |t Error 5003 Not defined in file expand_doc_bib_avail.  |h N  |k 1 
999 |a From the UDN01 
AVA |a UDN50  |b LSK  |d 624.18341 TR-Đ  |e available  |t Error 5001 Not defined in file expand_doc_bib_avail.  |f 11  |g 0  |h N  |i 0  |k 1 
TYP |a Monograph 
TYP |a Printed language 
980 |a Mạng thư viện Đại học Đà Nẵng